000 01357nam a22004337a 4500
001 BR7902155
003 BR-BrBNA
005 20230928090000.0
007 ta
008 230509b bl.||||| |||| 00| 0 por d
040 _aBR-BrBNA
_bpor
_cBiblioteca Nacional de Agricultura
041 _a(Por)
072 _aS10; S30; Q40
_b9930
_b9140
_b/G514
090 _ 9930 BR7902155
100 1 _aSouza Lima, A. de
100 1 _aArima, H.
100 1 _aCamara Sobrinho, J.A.
100 1 _aOliveira, J.D. de
100 1 _aSoares, L.A. dos R.
100 1 _aInocencio, M.A.A.M.
100 1 _aBarboza, M.A.M.
100 1 _aCardoso, M.S. da S.
100 1 _aTanizaki, M.
100 1 _aRezende, R.M. de
100 1 _aNunes, T.M. de O.
100 1 _aTrevas Filho, V.
110 1 _aSecretaria Nacional de Defesa Agropecuaria, Brasilia, DF (Brasil). Secretaria de Inspecao de Produto Vegetal
_99201
245 1 _aComplemento dos padroes de identidade e qualidade para bebidas e vinagres [aditivo, Brasil]
_bv. 2: nao alcoolicos
260 3 _aBrasilia, DF (Brasil):
_c[nd].
300 _a245 p.
500 _a26 tables; Published 1978?
650 _aADITIVO
650 _aBEBIDA NAO ALCOOLICA
650 _aVINAGRE
650 _aPADRAO DE ALIMENTO
650 _aCONTROLE DE QUALIDADE
909 _a202309
_bLucia
_c55
_dLucia Elande
942 _cBK
999 _c27297
_d27297